Statistics for European Countries Starting With S

Click here to take the quiz!

General Stats

  • This quiz has been taken 35 times
  • The average score is 6 of 7

Answers on the Map

Answers color-coded by a green-red scale on the quiz's map according to % correct below.
 

Answer Stats

Answer% Correct
Serbia
94%
Slovakia
94%
Spain
94%
Sweden
91%
Switzerland
91%
Slovenia
88%
San Marino
85%

Score Distribution

Percentile by Number Answered

Percent of People with Each Score

Your Score History

You have not taken this quiz